000
00294nam a22001337a 4500
008
181025b xxu||||| |||| 00| 0 eng d
020
_a
0443081786
041
_a
eng
080
_a
631
100
_a
45
101
_a
FIZ
245
_a
The Physician Book Lists
_c
David.M.M
942
_2
udc
_c
BK
999
_c
50940
_d
50940